Vitales y libres.

Salvato in:
Dettagli Bibliografici
Ente Autore: Programa de Prevención de Drogas
Natura: Libro
Lingua:spagnolo
Pubblicazione: Santiago, Chile Ministerio de Educación 1997
Edizione:2a. ed
Soggetti:
Tags: Aggiungi Tag
Nessun Tag, puoi essere il primo ad aggiungerne!!

MARC

LEADER 00000nam a2200000 a 4500
001 UCH6638
003 CL-VaPUC
005 20231109073944.0
008 091109e19970000CL |||||||||||||||||spa|d
999 |c 337487  |d 337485 
040 |c Pontificia Universidad Católica de Valparaíso 
082 0 4 |a 362.29 PRO 1997  |2 21 
110 2 |a Programa de Prevención de Drogas  |9 543294 
245 1 0 |a Vitales y libres. 
246 1 0 |a Manual para Educadores en prevención de drogas con jóvenes de 1° y 2° año de Enseñanza Media 
250 |a 2a. ed 
260 0 3 |a Santiago, Chile  |b Ministerio de Educación  |c 1997 
300 |a 45 páginas 
583 |a last modification  |c 20091109 00:00:00  |k Rodrigo Vera 
650 0 |a Drogas  |9 254877 
650 7 |a PREVENCION  |2 CL-VaPUC  |9 322995 
650 0 |a Abuso de drogas  |9 254876 
650 0 |a Problemas sociales  |9 258537 
650 0 |a Juventud  |9 271073 
650 0 |a Acción social  |9 307836 
942 |c BK  |2 ddc 
945 |d 20091109 00:00:00  |a lazolas